|
|
|
|
| LEADER |
00000cam a2200000 a 4500 |
| 001 |
vtls001073898 |
| 003 |
SK-MaSNL |
| 005 |
20260301102819.0 |
| 008 |
240226s1993 xo oa grnf 000 0 slo |
| 015 |
|
|
|a SNBA1994/01
|
| 020 |
|
|
|a 8085709074
|q (brožované)
|
| 035 |
|
|
|a SNK000016730
|
| 040 |
|
|
|a SNK
|b slo
|c SNK
|e AACR2
|
| 041 |
0 |
|
|a slo
|
| 044 |
|
|
|a xo
|c SK
|
| 072 |
|
7 |
|a 666
|x Sklárstvo. Keramika. Cement
|2 konspekt
|
| 080 |
|
|
|a 666.3/.7
|2 2011
|
| 080 |
|
|
|a 691.4
|2 2001
|
| 080 |
|
|
|a 666.295
|2 2001
|
| 080 |
|
|
|a (035)
|2 2011
|
| 100 |
1 |
|
|a Hlodák, Pavol,
|d 1960-
|4 aut
|9 238576
|
| 245 |
1 |
0 |
|a Hliny a glazúry v keramickej praxi
|c Pavol Hlodák ; ilustrácie Oľga Šarinová
|
| 250 |
|
|
|a [1. vyd.]
|
| 260 |
|
|
|a [Banská Bystrica]
|b Garmond, spol. s r.o.
|a Zvolen
|b Arterra, spol. s r.o. [vyd.]
|c 1993
|
| 300 |
|
|
|a 137 s.
|b fotografie, tabuľky
|c 21 cm
|
| 504 |
|
|
|a Obsahuje bibliografické odkazy
|
| 650 |
0 |
7 |
|a keramika
|2 SNKPH
|9 3061
|
| 650 |
0 |
7 |
|a hlina
|2 SNKPH
|9 30836
|
| 650 |
0 |
7 |
|a keramické glazúry
|2 SNKPH
|9 51247
|
| 650 |
0 |
7 |
|a Ceramics
|2 SNKPHeng
|9 330929
|
| 650 |
0 |
7 |
|a Loam
|2 SNKPHeng
|9 439158
|
| 650 |
0 |
7 |
|a Ceramic glazes
|2 SNKPHeng
|9 364578
|
| 655 |
|
7 |
|a príručky
|2 SNKPH
|9 74364
|
| 655 |
|
7 |
|a Handbooks, manuals, etc.
|2 SNKPHeng
|9 90964
|
| 700 |
1 |
|
|a Šarinová, Oľga,
|d 1960-
|4 ill
|9 38564
|
| 919 |
|
|
|a 80-85709-07-4
|
| 954 |
|
|
|a iná literatúra (príručky, kuchárske knihy, hobby literatúra, sprievodcovia) pôvodná (slovenská)
|2 lita
|
| 958 |
|
|
|a OND
|
| 958 |
|
|
|a NB
|
| 999 |
|
|
|c 693192
|d 695122
|
| 952 |
|
|
|a SNK
|b SNK
|y VYP
|7 0
|p 17A0131336
|o snkSC 85027 D1
|0 0
|1 0
|4 0
|d 1998-03-26
|l 1
|r 2026-05-07 10:53:07
|s 2026-04-23
|w 2026-02-23
|
| 952 |
|
|
|a SNK
|b SNK
|y PREZ
|7 0
|p 17A0996558
|o snkSC 85027
|i snkKSP 681/94
|0 0
|1 0
|4 0
|d 2012-08-15
|f 1
|l 0
|r 2025-08-27 00:00:00
|w 2026-02-23
|